HBR's 10 must reads On Managing Yourself / (Record no. 179611)

MARC details
000 -LEADER
fixed length control field 00937nam a2200301 a 4500
001 - CONTROL NUMBER
control field vtls000654656
003 - CONTROL NUMBER IDENTIFIER
control field PNM
005 - DATE AND TIME OF LATEST TRANSACTION
control field 20201020164135.0
008 - FIXED-LENGTH DATA ELEMENTS--GENERAL INFORMATION
fixed length control field 110907s2010 mau e 001 0 eng d
020 ## - INTERNATIONAL STANDARD BOOK NUMBER
International Standard Book Number 9781422157992
Qualifying information paperback
039 #9 - LEVEL OF BIBLIOGRAPHIC CONTROL AND CODING DETAIL [OBSOLETE]
Level of rules in bibliographic description 201302060815
Level of effort used to assign nonsubject heading access points norizan
040 ## - CATALOGING SOURCE
Original cataloging agency PNM
Language of cataloging eng
Transcribing agency PNM
Modifying agency PPAK
Description conventions rda
082 04 - DEWEY DECIMAL CLASSIFICATION NUMBER
Classification number 650.1
Edition number 23
090 00 - LOCALLY ASSIGNED LC-TYPE CALL NUMBER (OCLC); LOCAL CALL NUMBER (RLIN)
Classification number (OCLC) (R) ; Classification number, CALL (RLIN) (NR) 650.1
Feature heading HAR
Feature heading G
245 00 - TITLE STATEMENT
Title HBR's 10 must reads On Managing Yourself /
246 #3 - VARYING FORM OF TITLE
Title proper/short title HBR's ten must reads on managing yourself
Title proper/short title Harvard business review's 10 must reads on managing yourself
264 #1 - PRODUCTION, PUBLICATION, DISTRIBUTION, MANUFACTURE, AND COPYRIGHT NOTICE
Place of production, publication, distribution, manufacture Boston, Mass.
Name of producer, publisher, distributor, manufacturer Harvard Business Review Press,
Date of production, publication, distribution, manufacture, or copyright notice 2010
300 ## - PHYSICAL DESCRIPTION
Extent v, 198 pages
Dimensions 21 cm
336 ## - CONTENT TYPE
Source rdacontent
Content type term text
337 ## - MEDIA TYPE
Source rdamedia
Media type term unmediated
338 ## - CARRIER TYPE
Source rdacarrier
Carrier type term volume
500 ## - GENERAL NOTE
General note Includes index
650 10 - SUBJECT ADDED ENTRY--TOPICAL TERM
Topical term or geographic name entry element Management
942 ## - ADDED ENTRY ELEMENTS (KOHA)
Source of classification or shelving scheme Dewey Decimal Classification
Koha item type Book
949 ## - LOCAL PROCESSING INFORMATION (OCLC)
6 3000019568
a 650.1 HAR KHM
e 001893755 (KHM)
6 1000843642
e 2081615
Holdings
Withdrawn Not for loan Current library Shelving location Date acquired Total Checkouts Total Renewals Full call number Barcode Checked out Date last seen Date last checked out Koha item type
    Perpustakaan Alor Setar Pinjaman Dewasa 02/02/2021 4 2 650.1 HAR A00741490 19/07/2026 08/06/2026 08/06/2026 Book
    Perpustakaan Awam Sungai Petani Pinjaman Dewasa 02/02/2021 4   650.1 HAR A00741491   06/05/2025 15/04/2025 Book
    Perpustakaan Baling Pinjaman Dewasa 02/02/2021     650.1 HAR A00741495   02/02/2021   Book
    Perpustakaan Jitra Pinjaman Dewasa 02/02/2021 1   650.1 HAR A00741492   11/01/2025 23/12/2024 Book
    Perpustakaan Kulim Pinjaman Dewasa 02/02/2021 3   650.1 HAR A00741494   09/03/2025 23/02/2025 Book
    Perpustakaan Langkawi Pinjaman Dewasa 02/02/2021 2 1 650.1 HAR A00741493   11/08/2025 25/02/2025 Book